| 000 | 00977nam a2200265 i 4500 | ||
|---|---|---|---|
| 003 | DO-SdBNP | ||
| 005 | 20230808090642.0 | ||
| 006 | a||||gr|||| 00| 0 | ||
| 007 | ta | ||
| 008 | 230807e1980 dr ||||| |||| 00| 0 spa d | ||
| 040 |
_aDO-SdBNP _bspa _cBNPHU _erda |
||
| 082 | 4 |
_22 _bR426r |
|
| 110 | 1 |
_aRepública Domicana. _bSecretaría de Estado de Finanzas. _bInstituto de Capacitación Tributaria _954254 _eautor |
|
| 240 |
_a[Leyes] _lspa |
||
| 245 | 1 | 0 | _aReglamento interno de organización y funciones de la Secretaría de Estado de Finanzas. / |
| 264 | 1 |
_aSanto Domingo : _bOficina Central, _c1980 |
|
| 300 |
_a46 páginas : _c21 cm. |
||
| 336 |
_2rdacontent _atexto _btxt |
||
| 337 |
_2rdamedia _asin mediación _bn |
||
| 338 |
_2rdacarrier _avolumen _bnc |
||
| 490 |
_aFortalecimiento Institucional ; _v2 |
||
| 500 | _aMaterial de apoyo para los programas desarrollados por el Instituto de Capacitación Tributaria | ||
| 590 | _aInventariado 2023 / MF | ||
| 942 |
_2ddc _cLF2 |
||
| 999 |
_c54340 _d54340 |
||